000 00978nas a2200301 4500
001 BR2012003628
003 BR-BrBNA
005 20231205120605.0
007 ta
008 230509b bl.|||p| |||| 00| 00por d
040 _aBR-BrBNA
_bpor
_cBiblioteca Nacional de Agricultura
041 _a(Pt)
072 _aL70
100 1 _aThiesen, R.
100 1 _aNunes, N.
100 1 _aBelmonte, E.A.
100 1 _aBarbosa, V.F.
100 1 _aConceição, E.D.V.
100 1 _aMoro, J.V.
245 1 _aInfusão contínua de lidocaína em diferentes taxas no controle de arritmias induzidas pela administração de adrenalina em cães anestesiados com isofluorano
650 _aCÃO
650 _aANESTESIA
650 _aARRITMIA
650 _aVETERINÁRIA
773 0 _tArquivo Brasileiro de Medicina Veterinária e Zootecnia (Brazil)
_xISSN 0102-0935
_g(Feb 2012), v. 64(1) p. 32-38
_wBR2012003628
909 _a202311
_bLúcia
_c55
_dLúcia Elande
942 _2AGRIS
_n0
_cANA
999 _c219292
_d219292